| 000 | 01855fam a2200361 a 4500 | ||
|---|---|---|---|
| 001 | 1703147 | ||
| 003 | ARRUPE | ||
| 005 | 20150113120511.0 | ||
| 008 | 941129s1995 enk b 001 0 eng | ||
| 010 | _a 94047944 | ||
| 020 | _a1557865701 | ||
| 020 | _a155786571X | ||
| 035 | _a(OCoLC)31737373 | ||
| 035 | _a(OCoLC)ocm31737373 | ||
| 035 | _a(NNC)1703147 | ||
| 040 |
_aDLC _cDLC _dNNC _dOrLoB |
||
| 050 | 0 | 0 |
_aPN75.L8 _bL85 1995 |
| 082 | 0 | 0 |
_a199/.439 _220 |
| 245 | 0 | 4 |
_aThe Lukacs reader / _cedited by Arpad Kadarkay. |
| 260 |
_aOxford ; _aCambridge, Mass., USA : _bBlackwell Publishers, _c1995. |
||
| 263 | _a9509 | ||
| 300 |
_aviii, 292 p. ; _c24 cm. |
||
| 504 | _aIncludes bibliographical references (p. [283]-285) and index. | ||
| 505 | 0 | 0 |
_gPt. I. _tEssays in Autobiography. _g1. _tSoren Kierkegaard and Regine Olsen. _g2. _tDiary (1910-1911). _g3. _tOn Poverty of Spirit. _g4. _tMy Socratic Mask -- _gPt. II. _tDrama and Tragedy. _g5. _tShakespeare and Modern Drama. _g6. _tJohn Ford. _g7. _tAugust Strindberg. _g8. _tThoughts on Henrik Ibsen. _g9. _tPeer Gynt. _g10. _tOscar Wilde. _g11. _tBernard Shaw -- _gPt. III. _tArt and Literature. _g12. _tAesthetic Culture. _g13. _tPaul Gauguin. _g14. _tThe Parting of the Ways. _g15. _tStavrogin's Confession. _g16. _tIntegrated Civilizations. _g17. _tThe Ideology of Modernism -- _gPt. IV. _tPhilosophy and Politics. _g18. _tBolshevism as an Ethical Problem. _g19. _tClass Consciousness. _g20. _tFriedrich Nietzsche. _g21. _tMartin Heidegger. |
| 600 | 1 | 0 |
_aLukács, György, _d1885-1971 _xContributions in criticism. _913770 |
| 600 | 1 | 0 |
_aLukács, György, _d1885-1971 _xAesthetics. _913771 |
| 600 | 1 | 0 |
_aLukács, György, _d1885-1971. _913753 |
| 650 | 0 |
_aMarxist criticism. _913772 |
|
| 650 | 0 |
_aAesthetics, Modern _y20th century. _913773 |
|
| 700 | 1 |
_aKadarkay, Arpad, _d1934- _913774 |
|
| 900 | _bTOC | ||
| 942 |
_2lcc _cMONOGRAPH |
||
| 999 |
_c121605 _d121605 |
||